Cartilla agrícola-forestal de la provincia de buenos aires /

Guardado en:
Autor Principal: Argentina Ministerio de Agricultura Ganadería
Formato: Libro
Publicado: Buenos Aires : , 1953
Materias:
Etiquetas: Agregar Etiqueta
Sin Etiquetas, Sea el primero en etiquetar este registro!
LEADER 00597nam a22001815a 4500
001 CEM.cems015696
005 20110330170101.0
008 130507s1953##################000#0#####d
003 CEMS
082 0 4 |a 634.92 
100 1 |a Argentina Ministerio de Agricultura Ganadería 
245 1 0 |a Cartilla agrícola-forestal de la provincia de buenos aires /  |c Argentina Ministerio de Agricultura y Ganadería, 
260 |a Buenos Aires :  |b ,  |c 1953 
300 |a 285 p. 
653 |a Agricultura 
653 |a Árboles 
653 |a Recursos forestales 
859 |a CEMS  |b BIB. CEMS - Agricultura  |h 634.92  |i Ar37  |p A7215.79  |t Ej.1